| 000 | 01467cam a2200349Ia 4500 | ||
|---|---|---|---|
| 001 | thinkersofeastst00shahrich | ||
| 003 | CaSfIA | ||
| 005 | 20210119102358.0 | ||
| 007 | cr|||| | ||
| 008 | 840809s1982 enk 000 0 eng d | ||
| 040 |
_aIXA _cIXA _dNRM _dYDXCP _dUV1 _dUPM _dCaSfIA |
||
| 020 | _a0900860464 | ||
| 020 | _a9780900860461 | ||
| 035 | _a(OCoLC)11037430 | ||
| 050 | 0 | 4 |
_aPN6071.S85 _bS52 |
| 082 | 0 | 0 |
_a297/.4 _219 |
| 082 | 0 | 4 | _a181/.5 |
| 100 | 1 |
_aShah, Idries, _d1924- |
|
| 245 | 1 | 0 |
_aThinkers of the East : _h[electronic resource] _bstudies in experientialism / _cIdries Shah. |
| 260 |
_aLondon : _bOctagon Press, _cc1982. |
||
| 300 |
_a198 p. ; _c23 cm. |
||
| 500 | _aFirst published in 1971. First impression in this edition 1977. Second impression 1982. | ||
| 650 | 0 | _aTales, Sufi. | |
| 856 | 4 | 1 |
_uhttp://www.archive.org/details/thinkersofeastst00shahrich _zFree eBook from the Internet Archive |
| 856 | 4 | 2 |
_uhttp://www.openlibrary.org/books/OL18370279M _zAdditional information and access via Open Library |
| 029 | 1 |
_aYDXCP _b1040628 |
|
| 029 | 1 |
_aNZ1 _b2776991 |
|
| 029 | 1 |
_aAU@ _b000002291038 |
|
| 942 | _cEB | ||
| 506 | _fНеобхідна авторизація на https://archive.org/ (створення облікового запису безкоштовно) | ||
| 506 | _fНеобхідна авторизація на https://openlibrary.org/ (створення облікового запису безкоштовно) | ||
| 999 |
_c556761 _d556761 |
||